Normal view
MARC view
- السالمي،علاء عبدالرزاق؛تقديم:خالد ابراهيم السليطي
Entry Personal Name
001 - CONTROL NUMBER
- control field: 29450
003 - CONTROL NUMBER IDENTIFIER
- control field: JO-AjAnu
005 - DATE AND TIME OF LATEST TRANSACTION
- control field: 20230606074959.0
008 - FIXED-LENGTH DATA ELEMENTS
- fixed length control field: 230606|| aca||aabn | a|a d
040 ## - CATALOGING SOURCE
- Original cataloging agency: JO-AjAnu
- Transcribing agency: JO-AjAnu
100 ## - HEADING--PERSONAL NAME
- Personal name: السالمي،علاء عبدالرزاق؛تقديم:خالد ابراهيم السليطي
670 ## - SOURCE DATA FOUND
- Source citation: Work cat.: (JO-AjAnu)15122: السالمي،علاء عبدالرزاق؛تقديم:خالد ابراهيم السليطي, author, الادارة الالكترونية=e-management